Cultura y población en América Latina /

Gorde:
Xehetasun bibliografikoak
Egile nagusia: Hernández, Isabel
Beste egile batzuk: Gomáriz Moraga, Enrique
Formatua: Texto
Argitaratua: San José: FLACSO
Etiketak: Etiketa erantsi
Etiketarik gabe, Izan zaitez lehena erregistro honi etiketa jartzen!

MARC

LEADER 00000 a a2200000 04500
001 25235
003
040
020 |a 9977-68-073-6  
090 |a 180400  
100 |a Hernández, Isabel  
245 |a Cultura y población en América Latina /  |c Isabel Hernández 
260 |a San José:   |b FLACSO  
300 |a 210 p.   |b **no definido**  
700 |a Gomáriz Moraga, Enrique  
999 |c 16262  |d 16262